000 00402nam a2200157Ia 4500
008 230711s9999||||xx |||||||||||||| ||und||
041 _aENG
082 _a621.319
_bRA-L
100 _aRamakalyan,A
245 0 _aLinear circuit : synthesis and analysis
250 _a1st . Ed.
260 _c2005
_aNew Delhi
_bOxford University Press
300 _a642
650 _aElectrical Engineering
942 _cBK
999 _c4495
_d4495